[Event "Budapest SixDays 06 IM-A"]
[Site "Budapest"]
[Date "2024.06.07"]
[Round "8"]
[White "Jaiveer, Mahendru"]
[Black "Pavan, Karthikeya Varma Gu"]
[Result "1-0"]
[WhiteElo "2195"]
[BlackElo "2029"]
[PlyCount "105"]
[EventDate "2024.06.03"]
[EventType "tourn"]
[EventRounds "9"]
[EventCountry "HUN"]
[SourceTitle "CBM 220 Extra"]
[Source "ChessBase"]
[SourceDate "2024.07.31"]
[SourceVersion "1"]
[SourceVersionDate "2024.07.31"]
[SourceQuality "1"]

1. e4 e5 2. Nf3 Nc6 3. Bc4 Nf6 4. Ng5 d5 5. exd5 Na5 6. Bb5+ c6 7. dxc6 bxc6 8. Bd3 Nd5 9. h4 h6 10. Qh5 Qe7 11. Nxf7 Nf4 12. Nd6+ Kd8 13. Nxc8 Rxc8 14. Qf3 Qd7 15. Nc3 Bc5 16. Ne4 Bb6 17. g3 Nd5 18. a3 Nb7 19. b4 Ne7 20. Bb2 Bd4 21. Bxd4 Qxd4 22. 0-0 Kc7 23. Qe3 Nf5 24. Qxd4 exd4 25. Rfe1 Rhf8 26. Re2 Rce8 27. Rae1 Rd8 28. Ba6 d3 29. cxd3 Nd4 30. Bxb7 Nxe2+ 31. Rxe2 Kxb7 32. Nc5+ Kc8 33. Re7 g5 34. hxg5 hxg5 35. Rxa7 Rf6 36. Rg7 Rf5 37. Rg6 Kb8 38. Rxc6 Re8 39. Kf1 Rh8 40. Ke2 Rh2 41. Ne4 Rh7 42. Rg6 Ra7 43. g4 Re5 44. Rg8+ Kb7 45. Rg7+ Kb8 46. Rxa7 Kxa7 47. Ke3 Re8 48. d4 Kb6 49. d5 Ra8 50. Nxg5 Rxa3+ 51. Ke4 Kb5 52. Ne6 Kxb4 53. d6 1-0

[Event "Budapest SixDays 06 IM-A"]
[Site "Budapest"]
[Date "2024.06.04"]
[Round "3"]
[White "Rohrer, Christophe"]
[Black "Pavan, Karthikeya Varma Gu"]
[Result "1/2-1/2"]
[WhiteElo "2241"]
[BlackElo "2029"]
[PlyCount "56"]
[EventDate "2024.06.03"]
[EventType "tourn"]
[EventRounds "9"]
[EventCountry "HUN"]
[SourceTitle "CBM 220 Extra"]
[Source "ChessBase"]
[SourceDate "2024.07.31"]
[SourceVersion "1"]
[SourceVersionDate "2024.07.31"]
[SourceQuality "1"]

1. e4 e5 2. Nf3 Nc6 3. Bb5 Nge7 4. Nc3 Ng6 5. d4 exd4 6. Nxd4 a6 7. Bc4 Bc5 8. Nf5 0-0 9. 0-0 d6 10. Qh5 Bxf5 11. exf5 Qh4 12. Qxh4 Nxh4 13. f6 Ng6 14. Nd5 Rac8 15. c3 Nce5 16. Be2 c6 17. fxg7 Kxg7 18. Nf4 Nxf4 19. Bxf4 Ng6 20. Bd2 Rce8 21. Rfe1 d5 22. Rad1 b5 23. Bg4 Ne5 24. Bf5 Nc4 25. Bc1 Rd8 26. b3 Nd6 27. Bd3 Ne4 28. Bxe4 dxe4 1/2-1/2

[Event "IND-chT 43rd"]
[Site "Dharamshala"]
[Date "2024.04.02"]
[Round "7.3"]
[White "Swapnil, S Dhopade"]
[Black "Pavan, Karthikeya Varma Gu"]
[Result "1-0"]
[WhiteElo "2454"]
[BlackElo "1831"]
[PlyCount "71"]
[EventDate "2024.03.29"]
[EventType "team-swiss"]
[EventRounds "9"]
[EventCountry "IND"]
[SourceTitle "CBM 219 Extra"]
[Source "ChessBase"]
[SourceDate "2024.05.31"]
[SourceVersion "1"]
[SourceVersionDate "2024.05.31"]
[SourceQuality "1"]
[WhiteTeam "Railway Sport PB II"]
[BlackTeam "Telangana"]
[WhiteTeamCountry "IND"]
[BlackTeamCountry "IND"]

1. d4 d5 2. c4 c6 3. Nc3 Nf6 4. e3 e6 5. Nf3 Nbd7 6. Be2 Bd6 7. 0-0 0-0 8. b3 b6 9. Bb2 Bb7 10. Bd3 Qe7 11. Re1 Ba3 12. Bxa3 Qxa3 13. Qc2 g6 14. e4 dxe4 15. Nxe4 Nxe4 16. Bxe4 Qd6 17. Rad1 Rad8 18. Qc1 f5 19. c5 bxc5 20. Bd3 Rf6 21. Bc4 Nf8 22. dxc5 Qe7 23. Rxd8 Qxd8 24. Qa1 Qe7 25. Qe5 Bc8 26. b4 Kg7 27. Rd1 h6 28. h4 Nd7 29. Qc7 Rf8 30. Re1 e5 31. Rxe5 Qf6 32. Re6 Qc3 33. Bb3 Qxb4 34. Qd6 Nf6 35. Rxf6 Rxf6 36. Qe7+ 1-0

[Event "IND-ch U11"]
[Site "Visakhapatnam"]
[Date "2023.10.01"]
[Round "2"]
[White "Sreehari, S Mecheril"]
[Black "Pavan, Karthikeya Varma Gu"]
[Result "1/2-1/2"]
[WhiteElo "1286"]
[BlackElo "1641"]
[PlyCount "139"]
[EventDate "2023.10.01"]
[EventType "swiss"]
[EventRounds "11"]
[EventCountry "IND"]
[SourceTitle "EXT 2025"]
[Source "ChessBase"]
[SourceDate "2024.10.14"]
[SourceVersion "1"]
[SourceVersionDate "2024.10.14"]
[SourceQuality "1"]

1. d4 d5 2. Bf4 c5 3. e3 Nc6 4. c3 Bf5 5. Bd3 Bxd3 6. Qxd3 Qb6 7. Qc2 e6 8. dxc5 Bxc5 9. b4 Be7 10. Nf3 Nf6 11. Nbd2 0-0 12. 0-0 Nd7 13. Qb3 Rac8 14. a3 Bf6 15. Rac1 e5 16. Bg3 e4 17. Nd4 Nxd4 18. cxd4 Qb5 19. h3 Nb6 20. Rc5 Rxc5 21. bxc5 Qxb3 22. Nxb3 Nc4 23. a4 Rc8 24. Rb1 h6 25. Kf1 b6 26. Ke2 Kf8 27. f3 Re8 28. Bf2 exf3+ 29. gxf3 Nxe3 30. Kd3 Nc4 31. Nd2 bxc5 32. dxc5 Nb2+ 33. Kc2 Nxa4 34. Rb4 Nc3 35. Rb7 a5 36. c6 Rc8 37. c7 Ke8 38. Nb3 Na4 39. Bg3 Kd7 40. Rb5 Kc6 41. Rxa5 Nb6 42. Rc5+ Kd7 43. Rb5 Kc6 44. Rc5+ Kb7 45. Na5+ Ka6 46. Nc6 Nc4 47. Nb8+ Ka7 48. Kb3 Nb6 49. Rb5 d4 50. Bd6 Kb7 51. Nd7 Kc6 52. Nxb6 Rxc7 53. Bxc7 Kxb5 54. Nd5 Kc6 55. Nxf6 Kxc7 56. Nd5+ Kd6 57. Nf4 g5 58. Nd3 Kd5 59. Kc2 f5 60. Kd2 h5 61. h4 gxh4 62. Nf4+ Ke5 63. Nh3 Kd5 64. Ke2 Kc4 65. Nf4 Kc3 66. Kd1 d3 67. Kc1 d2+ 68. Kd1 h3 69. Nxh3 Kd3 70. Nf4+ 1/2-1/2

[Event "Bhubaneswar op-A 14th"]
[Site "Bhubaneswar"]
[Date "2023.06.15"]
[Round "7"]
[White "Pavan, Karthikeya Varma Gu"]
[Black "Sailesh, R."]
[Result "0-1"]
[WhiteElo "1459"]
[BlackElo "1697"]
[PlyCount "93"]
[EventDate "2023.06.11"]
[EventType "swiss"]
[EventRounds "10"]
[EventCountry "IND"]
[SourceTitle "CBM 214 Extra"]
[Source "ChessBase"]
[SourceDate "2023.07.31"]
[SourceVersion "1"]
[SourceVersionDate "2023.07.31"]
[SourceQuality "1"]

1. e4 c6 2. d4 d5 3. Nc3 dxe4 4. Nxe4 Nf6 5. Nxf6+ exf6 6. c3 Bd6 7. Bd3 0-0 8. Qc2 Re8+ 9. Ne2 h5 10. Be3 Be6 11. 0-0 h4 12. h3 Nd7 13. Nf4 Nf8 14. Qd1 Bxf4 15. Bxf4 g6 16. Re1 Qd7 17. Re3 Bf5 18. Bc4 g5 19. Rxe8 Rxe8 20. Be3 Kg7 21. Qd2 Qe7 22. Rd1 b5 23. Bb3 Be4 24. Re1 Bd5 25. Bxd5 cxd5 26. Qd3 Qd7 27. Bd2 Rxe1+ 28. Bxe1 Ng6 29. Bd2 Ne7 30. b3 Nf5 31. Kf1 Nd6 32. f3 Qe6 33. Be1 a6 34. Bf2 a5 35. Kg1 Qc8 36. Be1 a4 37. Kf1 axb3 38. axb3 Qa6 39. f4 Ne4 40. fxg5 fxg5 41. Qf3 Qa1 42. Qd3 Ng3+ 43. Kf2 Qb2+ 44. Kg1 Ne2+ 45. Kf1 Nf4 46. Qf3 Qxb3 47. Qg4 0-1